000 00363nam a2200145Ia 4500
005 20251222125351.0
008 251222s1900||||xx |||||||||||||| ||spa||
020 _a978-612-304-163-2
082 _aCD005.3/C28/2014
100 _aCarranza Zavala, Óscar
245 0 _aUna nueva experiencia con Autocad 2014
250 _a1a.ed.
264 _bMacro,
942 _cCD
999 _c2734
_d2734